| 000 | 00970nam0a22002531 4500 | ||
|---|---|---|---|
| 001 | rc\3453062 | ||
| 005 | 20260407144519.0 | ||
| 021 |
_aRU _bРг8413-73 |
||
| 021 |
_aRU _b73-37543 |
||
| 035 | _a(NLR Aleph) 007882005 | ||
| 090 |
_a7923769 _c7923769 |
||
| 100 | _a20130115d1973 |||y0rusy50 ca | ||
| 101 | 0 | _arus | |
| 102 | _aRU | ||
| 105 | _ay z ||||| | ||
| 200 | 1 |
_aОрганизация рабочих мест станочников _eТемат. подборка [по отеч. материалам, опубл. в 1969-1973 гг.] _fГл. упр. по производству игрушек Минлегпрома СССР. Всесоюз. науч.-исслед. ин-т игрушки |
|
| 210 |
_aМосква _cБ. и. _d1973 |
||
| 215 |
_a11 с. _d20 |
||
| 712 | 0 | 2 |
_aНИИ игрушки _cЗагорск _9535812 _3RU\NLR\AUTH\8810018964 |
| 801 | 0 |
_aRU _bNLR _gpsbo |
|
| 801 | 1 |
_aRU _bELAR _2rusmarc |
|
| 852 |
_aNLR _j73-4/15190 |
||
| 942 | _cBOOK | ||
| 980 | _aNB | ||